Buteurs de l'Euro 2024 - Statistiques

Statistiques générales
  • Ce quiz a été pris 55 fois
  • Le résultat moyen est 27 sur 86
Statistiques - réponses
Nombre de buts Nation représentée Numéro de maillot Joueurs % Correct
1 Espagne 19 Lamine Yamal
89%
1 France 10 Kylian Mbappé
79%
3 Angleterre 9 Harry Kane
76%
3 Allemagne 10 Jamal Musiala
74%
3 Géorgie 22 Georges Mikautadze
71%
1 Espagne 7 Álvaro Morata
68%
2 Espagne 17 Nico Williams
68%
2 Angleterre 10 Jude Bellingham
66%
3 Espagne 10 Dani Olmo
63%
3 Pays-Bas 11 Cody Gakpo
61%
10 - - Contre son camps
61%
2 Allemagne 17 Florian Wirtz
61%
2 Allemagne 7 Kai Havertz
61%
2 Allemagne 9 Niclas Füllkrug
58%
1 Croatie 10 Luka Modrić
53%
1 Pays-Bas 10 Memphis Depay
53%
1 France 12 Randal Kolo Muani
53%
1 Pologne 9 Robert Lewandowski
53%
1 Pays-Bas 7 Xavi Simons
53%
1 Turquie 8 Arda Güler
50%
1 Angleterre 7 Bukayo Saka
45%
1 Espagne 16 Rodri
45%
1 Danemark 10 Christian Eriksen
42%
1 Angleterre 24 Cole Palmer
42%
2 Espagne 8 Fabián Ruiz
42%
1 Espagne 2 Dani Carvajal
39%
1 Belgique 7 Kevin De Bruyne
39%
1 Suisse 23 Xherdan Shaqiri
39%
1 Portugal 8 Bruno Fernandes
37%
1 Espagne 21 Mikel Oyarzabal
37%
1 Hongrie 19 Barnabás Varga
34%
1 Portugal 10 Bernardo Silva
34%
2 Suisse 7 Breel Embolo
34%
1 Croatie 9 Andrej Kramarić
32%
2 Pays-Bas 18 Donyell Malen
32%
1 Espagne 11 Ferran Torres
32%
1 Allemagne 21 İlkay Gündoğan
32%
2 Turquie 3 Merih Demiral
32%
1 Italie 18 Nicolò Barella
32%
3 Slovaquie 26 Ivan Schranz
29%
1 Géorgie 7 Khvicha Kvaratskhelia
29%
1 Autriche 7 Marko Arnautović
29%
1 Espagne 6 Mikel Merino
29%
1 Pays-Bas 9 Wout Weghorst
29%
1 Belgique 8 Youri Tielemans
29%
1 Autriche 9 Marcel Sabitzer
26%
1 Allemagne 25 Emre Can
24%
1 Portugal 26 Francisco Conceição
24%
1 Angleterre 19 Ollie Watkins
24%
1 Suisse 17 Ruben Vargas
24%
1 Roumanie 21 Nicolae Stanciu
21%
1 Tchéquie 10 Patrik Schick
21%
1 Suisse 8 Remo Freuler
21%
1 Suisse 19 Dan Ndoye
18%
1 Turquie 10 Hakan Çalhanoğlu
18%
1 Italie 23 Alessandro Bastoni
16%
2 Roumanie 18 Răzvan Marin
16%
1 Écosse 4 Scott McTominay
16%
1 Tchéquie 22 Tomáš Souček
16%
1 Autriche 19 Christoph Baumgartner
13%
1 Turquie 7 Kerem Aktürkoğlu
13%
1 Italie 20 Mattia Zaccagni
13%
1 Autriche 11 Michael Gregoritsch
13%
1 Albanie 10 Nedim Bajrami
13%
1 Roumanie 19 Denis Drăguş
11%
1 Pologne 23 Krzysztof Piątek
11%
1 Serbie 8 Luka Jović
11%
1 Turquie 18 Mert Müldür
11%
1 Danemark 21 Morten Hjulmand
11%
1 Pays-Bas 6 Stefan De Vrij
11%
1 Turquie 9 Cenk Tosun
8%
1 Slovénie 13 Erik Janža
8%
1 Autriche 3 Gernot Trauner
8%
1 Suisse 18 Kwadwo Duah
8%
1 Suisse 20 Michel Aebischer
8%
1 Autriche 18 Romano Schmid
8%
1 Pologne 16 Adam Buksa
5%
1 Hongrie 23 Kevin Csoboth
5%
1 Albanie 8 Klaus Gjasula
5%
1 Slovaquie 8 Ondrej Duda
5%
1 Albanie 14 Qazim Laçi
5%
1 Ukraine 9 Roman Yaremchuk
5%
1 Turquie 4 Samet Akaydin
5%
1 Slovénie 2 Žan Karničnik
5%
1 Tchéquie 14 Lukáš Provod
3%
1 Ukraine 19 Mykola Shaparenko
3%
Aucun quiz correspondant
Distribution des résultats
% des personnes avec chaque résultat
Percentile par nombre de réponses
Votre historique - résultats
Vous n’avez pas pris ce quiz